Ethical issues in contemporary human resource management.

Na minha lista:
Detalhes bibliográficos
Formato: Livro
Idioma:English
Publicado em: London : Macmillan Business, 2000.
Assuntos:
Tags: Adicionar Tag
Sem tags, seja o primeiro a adicionar uma tag!
Thư viện lưu trữ: Mạng thư viện Đại học Đà Nẵng
LEADER 00771cam a2200301 i 4500
001 000045217
003 4387
005 20030226095328.0
008 010220|2000 vm 000 eng
020 |a 0333739663 (pbk) 
040 |a IRC  |c IRC  |d IRC 
041 0 |a eng 
082 1 4 |a 174.9658  |b Et-I 
245 0 0 |a Ethical issues in contemporary human resource management. 
260 |a London :  |b Macmillan Business,  |c 2000. 
300 |a xii, 301p. 
630 0 4 |a Ethics. 
650 0 4 |a Personnel management  |x Moral and ethical aspects. 
OWN |a DUT 
999 |a From the UDN01 
TYP |a Monograph 
TYP |a Printed language 
980 |a Mạng thư viện Đại học Đà Nẵng